000 00252nam a2200097Ia 4500
001 775899
005 20250826165838.0
008 250824s9999 xx 000 0 und d
245 0 _aYARATICI DEHANIN SIRLARI
_cMICHAEL MICHALKO
260 _bKORİDOR YAYINLARI
999 _c775899
_d775899